000 00353nam a22001337a 4500
003 SGT
020 _a8173154724
082 _a070
_bS04S
100 _aस्वरुप देवेंद्र
245 _aसंघ बीज से वृक्ष
260 _bप्रभात प्रकाशन
_c2004
300 _a270
942 _2ddc
_cBK
999 _c28906
_d28906